| 000 | 00719cam a22002413a 4500 | ||
|---|---|---|---|
| 001 | 23710 | ||
| 003 | PGUSA | ||
| 005 | 20140828083515.0 | ||
| 008 | 071201s2007||||xxu|||||s|||||000 1 eng d | ||
| 040 |
_aPGUSA _beng |
||
| 042 | _adc | ||
| 050 | 4 | _aPZ | |
| 100 | 1 |
_aBurnett, Frances Hodgson, _d1849-1924 |
|
| 245 | 1 | 0 |
_aLittle Lord Fauntleroy _h[electronic resource] / _cFrances Hodgson Burnett |
| 260 |
_bProject Gutenberg, _c2007 |
||
| 506 | _aPublic domain in the USA. | ||
| 516 | _aElectronic text | ||
| 653 | _aGreat Britain -- History -- 19th century -- Fiction | ||
| 653 | _aGrandfathers -- Fiction | ||
| 830 | 0 |
_aProject Gutenberg _v23710 |
|
| 856 | 4 | 0 | _uhttp://www.gutenberg.org/ebooks/23710 |
| 942 | _cEB | ||
| 999 |
_c252965 _d252965 |
||